Esteban Echevarría, entre la tierra y el destierro (Record no. 169767)

MARC details
000 -LEADER
campo de control de longitud fija 00665nam a22001935i 4500
001 - NÚMERO DE CONTROL
campo de control 169767
003 - IDENTIFICADOR DE NÚMERO DE CONTROL
campo de control ES-MaACL
005 - FECHA Y HORA DE LA ÚLTIMA TRANSACCIÓN
campo de control 20251109135009.0
008 - DATOS DE LONGITUD FIJA--INFORMACIÓN GENERAL
campo de control de longitud fija 081125s2003 uy |||| | spa d
080 ## - NÚMERO DE LA CLASIFICACIÓN DECIMAL UNIVERSAL
Número de la Clasificación Decimal Universal 821.134.2(82) Echevarría, Esteban .06
100 1# - ENTRADA PRINCIPAL--NOMBRE DE PERSONA
Nombre de persona Abadie-Aicardi, Aníbal,
9 (RLIN) 17952
245 11 - MENCIÓN DEL TÍTULO
Título Esteban Echevarría, entre la tierra y el destierro
Resto del título : [1805-1851] /
Mención de responsabilidad, etc. Aníbal Abadie-Aicardi.
250 ## - MENCION DE EDICION
Mención de edición 3ª ed. ampl.
260 ## - PUBLICACIÓN, DISTRIBUCIÓN, ETC.
Lugar de publicación, distribución, etc. Montevideo :
Nombre del editor, distribuidor, etc. Aras,
Fecha de publicación, distribución, etc. 2003.
300 ## - DESCRIPCIÓN FÍSICA
Extensión 61 p. ;
Dimensiones 22 cm.
600 14 - PUNTO DE ACCESO ADICIONAL DE MATERIA--NOMBRE DE PERSONA
Nombre de persona Echeverría, Esteban,
Fechas asociadas al nombre 1805-1851
9 (RLIN) 46572
852 ## - LOCALIZACIÓN
Ubicación ES-MaACL
Número de control de estantería 2238-F-26
itemnumber R.144159
Nota libre .- Dedicatoria autógrafa
Holdings
Estatus retirado Estado de pérdida Estado de daño No para préstamo Colección Biblioteca de origen Biblioteca actual Ubicación en estantería Fecha de adquisición Fuente de adquisición Total de préstamos Signatura topográfica completa Código de barras Visto por última vez Precio de reemplazo Tipo de ítem Koha
        Colección de folletos Biblioteca del Ateneo de Madrid Biblioteca del Ateneo de Madrid Depósito folletos 25/11/2008     2238-F-26 1178238 23/02/2023 23/02/2023 Folleto